[Event "Sarajevo Bosnia 30th"]
[Site "Sarajevo"]
[Date "2000.05.24"]
[Round "7"]
[White "Kasparov, Garry"]
[Black "Morozevich, Alexander"]
[Result "1/2-1/2"]
[WhiteElo "2851"]
[BlackElo "2748"]
[Annotator "Ftacnik,L"]
[PlyCount "52"]
[EventDate "2000.05.17"]
[EventType "tourn"]
[EventRounds "11"]
[EventCountry "BIH"]
[EventCategory "19"]
[SourceTitle "CBM 077"]
[Source "ChessBase"]
[SourceDate "2000.07.27"]
[SourceVersion "1"]
[SourceVersionDate "2000.07.27"]
[SourceQuality "1"]

1. d4 e6 2. Nf3 Nf6 3. c4 d5 4. Nc3 dxc4 5. e4 Bb4 6. Bg5 c5 7. Bxc4 cxd4 8.
Nxd4 Qa5 9. Bd2 O-O $5 $146 {[%mdl 8] Morozevich seems to have been inspired
by Kasparov himself, in openings he looks for independent ideas rather early
in the game.} (9... Qc5 10. Bb5+ Bd7 11. Nb3 Qe7 12. Bd3 (12. Qe2 O-O 13. Bxd7
(13. Bd3 e5 14. a3 Bxc3 15. Bxc3 Nc6 16. O-O Bg4 17. Qe3 Rfd8 18. h3 Be6 19.
Nc5 Bc8 20. Nb3 b6 21. Rad1 Be6 {1/2-1/2 Sokolov,I-Dizdar,G/Dresden/1998/ (42)}
) 13... Nbxd7 14. a3 Nc5 15. Nxc5 Bxc5 16. O-O {1/2-1/2 Zueger,B-Kishnev,S/
Gelsenkirchen/1991/ (16)}) 12... Nc6 13. O-O (13. a3 Bd6 14. Be3 (14. O-O Rd8
15. f4 Bc8 16. e5 Bc5+ 17. Kh1 Rxd3 18. exf6 gxf6 19. Qe2 Qd8 20. Rad1 Be7 21.
Be3 Rd7 {1/2-1/2 Topalov,V-Polgar,J/Wijk aan Zee/1998/ (38)}) 14... a6 15. O-O
O-O 16. f4 e5 17. f5 Nd4 18. Nxd4 exd4 19. Bxd4 Bc5 20. Bxc5 Qxc5+ {1/2-1/2
Gelfand,B-Tkachiev,V/Groningen 1997/ (23)}) 13... O-O 14. a3 Bd6 15. f4 (15.
Bg5 h6 16. Bh4 Bf4 17. Ne2 e5 18. Nxf4 exf4 19. f3 Be6 20. Bf2 {1-0 Kramnik,
V-Lautier,J/Monte Carlo/1998/ (46)}) 15... e5 16. f5 Nd4 17. Bg5 Bc6 18. Nd2 (
18. Na5 h6 19. Bh4 Bc7 20. Nxc6 bxc6 {0-1 Dorfman,J-Ekstroem,R/FRA/1998/ (76)})
18... b5 (18... Rfd8 19. Kh1 Bc7 20. Bc4 Qd6 21. Bd5 Rd7 22. Nc4 {1-0 Bacrot,
E-Fressinet,L/Meribel 1998/ (44)}) 19. Nd5 Bxd5 20. exd5 Bc5 21. Kh1 Rfd8 22.
Ne4 {1-0 Nikolic,P-Lautier,J/Monte Carlo/1998/ (32)}) 10. Nc2 Bxc3 (10... Qc7
11. Qe2 Be7 12. O-O $14) 11. Bxc3 Qg5 12. Qe2 $5 (12. Qf3 Nbd7 (12... e5 13.
Ne3 $14) 13. Be2 Qh4 $1 14. e5 Nd5 $11) 12... Qxg2 13. O-O-O Qxe4 (13... Nxe4
$2 14. Rhg1 Nxc3 15. Qe5 $1 f6 16. Bxe6+ Kh8 17. Qd6 $18) 14. Rhg1 g6 (14...
Qxe2 15. Bxe2 e5 (15... Nbd7 16. Rxd7 Bxd7 17. Bxf6 g6 18. Bf3 $14) (15... Ne8
16. Bb4 e5 17. Bd3 $11) 16. Bxe5 Ne8 17. Bd4 (17. Nd4 Na6) 17... Kh8 18. Nb4
Be6 $13) 15. Ne3 e5 (15... Nbd7 16. Rd4 Qc6 17. Rgd1 Ne4 18. Bb4 $13) 16. f4 $1
Be6 {[%mdl 256] Black clearly plays with fire, but white has already invested
two pawns and his king on c1 is not especially safe.} (16... exf4 $2 17. Nd5 $1
Qxe2 18. Nxf6+ $18) (16... Qxf4 17. Rdf1 Qh4 18. Be1 Qh5 19. Nd5 $1 Nbd7 20.
Nxf6+ Nxf6 21. Rxf6 Qxe2 22. Bxe2 $14) 17. Bd3 (17. Bxe6 $2 fxe6 18. fxe5 Nd5
$19) 17... Qxf4 (17... Qa4 18. fxe5 (18. Bxe5 Rc8+ 19. Bc2 Nbd7 $17) 18... Ne4
19. Bxe4 Qxe4 20. Rd4 Qxe5 21. Qf3 $1 Qc5 (21... Nc6 22. Re4 Qxh2 23. Rh1 $18)
22. Qf6 $16) 18. Rgf1 (18. Rdf1 Qh4 19. Be1 Rc8+ 20. Nc2 (20. Kb1 Qa4 21. b3
Bxb3 $19) 20... Qd4 21. Bc3 Qc5 $40) 18... Qh4 (18... Qg5 $5 19. Rg1 (19. h4
Qxh4 20. Bxe5 Nbd7 21. Bd6 Rfc8+ 22. Kb1 Qa4 $19) 19... Qh5 20. Qxh5 Nxh5 21.
Bxe5 Bxa2 22. Nf5 Rc8+ 23. Bc3 Nc6 24. Be4 $17) 19. Be1 Qa4 (19... Rc8+ 20. Kb1
Qa4 21. b3 Bxb3 22. axb3 Qxb3+ 23. Qb2 Qxb2+ 24. Kxb2 Kg7 (24... Nbd7 25. Bb5
$14) 25. Bh4 $15) 20. Rxf6 Nc6 {Kasparov has won a piece, but three pawns and
attacking chances give black rather comfortable play.} (20... Rc8+ $5 21. Bc2 (
21. Bc3 Qxa2 22. Rf2 Nd7 $17) 21... Qxa2 22. Qb5 Qa1+ 23. Kd2 Rd8+ 24. Ke2 Rxd1
25. Bxd1 Nc6 (25... Qa6 26. Qxa6 Nxa6 $15) 26. Qxb7 Nd4+ 27. Kf1 Re8 28. Bg4
$14) 21. Rxe6 (21. b3 $5 Qa3+ 22. Kb1 Nd4 23. Qg2 $14) 21... Nd4 (21... fxe6
22. Kb1 (22. Bc4 Nd4 23. Qg4 Qc6 (23... Rac8 $2 24. Rxd4 $16) 24. Bc3 Rf4 $17)
22... Nd4 23. Qg2 Nf5 $15) 22. Qg4 Qxa2 (22... fxe6 23. Bxg6 Rf4 24. Bxh7+ $5 (
24. Rxd4 Rxg4 25. Rxg4 Qc6+ 26. Bc2+ Kf7 27. Re4 $15) 24... Kxh7 25. Qh5+ Kg8
26. Bc3 (26. Qxe5 $2 Ne2+ 27. Kb1 Qe4+ $19) 26... Nf3 27. Qg6+ Kf8 28. Qxe6 Qe4
29. Nf5 Qxf5 30. Bb4+ Kg7 31. Rd7+ Qf7 32. Rxf7+ Rxf7 33. Bd6 $14) (22... Rac8+
$6 23. Kb1 fxe6 24. Bxg6 Rf4 25. Bxh7+ Kxh7 26. Qh5+ Kg8 27. Qxe5 $18) 23. Bxg6
$1 {The position became too hot for comfort, Kasparov is happy to pull out of
trouble with perpetual check.} (23. Rxe5 $2 Qa1+ 24. Bb1 (24. Kd2 Qxb2+ 25. Bc2
Rad8 $19) 24... Rac8+ 25. Kd2 Nb3+ 26. Ke2 Qxb2+ 27. Bc2 Rxc2+ 28. Nxc2 Qxe5+
$17) 23... hxg6 (23... fxg6 24. Rxd4 (24. Rxg6+ hxg6 (24... Kh8 $6 25. Rxd4
Qa1+ 26. Kc2 Qxe1 27. Qg5 $1 Rae8 (27... Qf2+ 28. Kb1 $16) 28. Rd2 $16) 25.
Qxg6+ $11) 24... Qa1+ 25. Kc2 exd4 26. Rxg6+ hxg6 27. Qxg6+ $11) (23... Kh8 $2
24. Rxd4 Qxe6 25. Qxe6 fxe6 26. Rh4 $18) 24. Rxg6+ fxg6 25. Qxg6+ Kh8 26. Qh5+
Kg8 1/2-1/2

[Event "Olympiad-31"]
[Site "Moscow"]
[Date "1994.12.03"]
[Round "3.2"]
[White "Akopian, Vladimir Eduardovic"]
[Black "Janjgava, Lasha"]
[Result "1-0"]
[WhiteElo "2630"]
[BlackElo "2500"]
[Annotator "Gagarin,V"]
[PlyCount "79"]
[EventDate "1994.12.01"]
[EventType "team-swiss"]
[EventRounds "14"]
[EventCountry "RUS"]
[SourceTitle "CBM 045"]
[Source "ChessBase"]
[SourceDate "1995.04.01"]
[SourceVersion "1"]
[SourceVersionDate "1995.04.01"]
[SourceQuality "1"]
[WhiteTeam "Armenia"]
[BlackTeam "Georgia"]
[WhiteTeamCountry "ARM"]
[BlackTeamCountry "GEO"]

1. d4 Nf6 2. c4 e6 3. Nf3 d5 4. Nc3 dxc4 5. e4 Bb4 6. Bg5 c5 7. Bxc4 cxd4 8.
Nxd4 Bxc3+ 9. bxc3 Qa5 10. Bb5+ Nbd7 11. Bxf6 Qxc3+ 12. Kf1 gxf6 13. h4 a6 14.
Rh3 Qb4 $5 (14... Qa5 15. Be2 $36) 15. Be2 Qd6 16. Rc1 (16. Qa4 O-O 17. Rd1 Qe7
18. Rc3 Nc5 19. Qb4 b6 20. Nc6 Qc7 21. Qd4 Qf4 (21... Qxc6 $4 22. Rg3+ $18) 22.
Rg3+ Kh8 23. Rg4 Qh6 24. e5 fxe5 25. Nxe5 f6 26. Qd6 $44 {Cramling,
P-Chiburdanidze,M/Tilburg(wct)/1994/0,5/37/}) 16... Nc5 (16... b6 $5 $13) 17.
Rhc3 b6 18. Nb3 $1 $44 Qh2 (18... Qxd1+ 19. Bxd1 Bd7 (19... Bb7 20. Nxc5 bxc5
21. Rxc5 $16) 20. Nxc5 bxc5 21. Rxc5 Ke7 22. Rc7 $36) 19. Rh3 Qe5 20. Nxc5 bxc5
21. Rhc3 Qh2 22. Rh3 Qe5 23. Kg1 $5 (23. Rhc3 Qh2 24. Rh3 Qe5 $10) 23... Bb7
24. Qa4+ Ke7 25. Qa3 Rhc8 26. Rhc3 Qd6 27. Bf3 {/\ e5/} Rab8 28. Rc4 $5 (28.
Rxc5 $6 Rxc5 29. Qxc5 Rc8 $1 $15) (28. Kh1 Rc7 29. Rxc5 Rxc5 30. Qxc5 Qxc5 31.
Rxc5 $10) 28... Ba8 29. Rd1 Qb6 30. Qe3 Qc7 31. Rdc1 Qd6 32. g3 Bc6 $2 (32...
Rb5 $1 33. a4 Ra5 34. Bh5 Rf8 35. Rxc5 Rxc5 36. Qxc5 Qxc5 37. Rxc5 Bxe4 38.
Rc7+ Kd6 39. Ra7 Bd3 40. Bxf7 $10) 33. Rd1 $16 {->/} Qe5 34. Rxc5 Qb2 35. Rd2
Qa1+ $2 (35... Qb7 $142 $16) 36. Kh2 Bb5 37. Qa3 $1 $18 (37. Rxc8 Rxc8 38. Qa7+
Kf8 (38... Ke8 $2 39. Bh5 $18) 39. Bh5 Be8 40. Rd7 {/\ Rf7/} Kg7 $16 (40...
Bxd7 $2 41. Qxd7 $18)) 37... Rxc5 (37... Ke8 38. Rd1 $18) 38. Qxc5+ Ke8 39. Bh5
$1 {/\ Qc7/} Qe1 (39... Qe5 40. Qa7 $18) 40. Qd6 1-0

[Event "Olympiad-38"]
[Site "Dresden"]
[Date "2008.11.21"]
[Round "8"]
[White "Gelfand, Boris"]
[Black "Naiditsch, Arkadij"]
[Result "1-0"]
[WhiteElo "2719"]
[BlackElo "2678"]
[Annotator "Gelfand,B"]
[PlyCount "69"]
[EventDate "2008.11.13"]
[EventType "team-swiss"]
[EventRounds "11"]
[EventCountry "GER"]
[SourceTitle "CBM 128"]
[Source "ChessBase"]
[SourceDate "2009.01.28"]
[SourceVersion "1"]
[SourceVersionDate "2009.01.28"]
[SourceQuality "1"]
[WhiteTeam "Israel"]
[BlackTeam "Germany"]
[WhiteTeamCountry "ISR"]
[BlackTeamCountry "GER"]

{This Olympiad was memorable for my team-mates and myself - we got Olympic
medals for the first time in history! We didn't start well, but then picked up
the pace and won 6 matches in a row. The match vs Germany was very important
as the victory would bring us to 2nd place with only 3 rounds to go.} 1. Nf3
Nf6 2. c4 e6 3. d4 d5 4. Nc3 dxc4 5. e4 Bb4 6. Bg5 c5 7. Bxc4 cxd4 8. Nxd4
Bxc3+ 9. bxc3 Qa5 10. Bb5+ Nbd7 {This system is almost forgotten and during
recent years Black has mostly played 10...Bd7 and tried to equalise. Probably
Arkady had rejected it after his painful loss to Gustafsson in Dortmund
earlier this year. The text move is very risky - Black is winning a pawn, but
seriously lagging in development. On the other hand he'll have an extra pawn
and White has to act very resolutely to set him some problems.} 11. Bxf6 Qxc3+
12. Kf1 gxf6 13. h4 a6 14. Rh3 Qb4 (14... Qa5 15. Be2 {is another line.}) 15.
Be2 Ne5 $5 {Quite a rare move.} ({Black normally chooses} 15... O-O {but
recent practice shows that Black's task is far from being easy.} 16. Rb1 Qd6
17. Rg3+ Kh8 18. Qd2 Rg8 19. Rbb3 Rxg3 20. Rxg3 b6 21. Bh5 Bb7 22. Bxf7 $1 Rf8
23. e5 $1 Nxe5 24. Bxe6 f5 25. Rg7 $3 Be4 26. Qh6 f4 27. Qf6 {1-0 Werle,
J-Wells,P/London ENG 2008 (27)}) 16. h5 $5 {After a long thought I decided to
make a useful move and to take the g6-square away from the Ne5, as in some
lines it was ready to go to g6 and then carry on to f4. It turned to be a
novelty. Previously 16.Rb1 and Rc1 were played.} Bd7 $2 {It was not easy to
find a proper solution during the game. Black is giving up a pawn in order to
complete his development, but he is left without his main trump - extra
material.} (16... O-O 17. Rb1 Qd6 18. Qd2 {with a dangerous attack.}) (16... b6
{is suspect:} 17. f4 Nc4 18. Nc6 Nd2+ 19. Kg1 Qc5+ (19... Qxe4 20. Qxd2 Qxc6
21. Rc3) 20. Kh1 Qxc6 21. Qxd2) ({The best would be} 16... Qd6 $1 {which I am
sure will soon be tested in tournament practice.}) 17. Rb3 Qd6 18. Rxb7 {
White has won the pawn back and has an advantage.} Rd8 19. Nb3 {It was not
easy to choose beetween the text move and} (19. Nf3 Bc6 (19... Qc6 20. Qb3) 20.
Qxd6 Rxd6 {, but I preferred to keep Ns on the board.}) 19... Qc6 $2 ({it was
better to exchange queens} 19... Bc6 20. Qxd6 Rxd6 {even though the endgame is
clearly in White's favour} 21. Rb8+ (21. Rc7 $5) 21... Rd8 22. Rb4) 20. Rb4 Qc7
(20... Qa8 21. Qc2 {also leaves the advantage in White's hands.}) 21. Rc1 Nc6 (
21... Bc6 22. Qc2) 22. Kg1 ({An alternative was} 22. g3 {I was worried about}
e5 {but} 23. Qc2 $1 {underlines White's edge.}) 22... Qf4 (22... Qe5 23. Rc5)
23. Rbc4 O-O ({Also bad is} 23... Rg8 24. Nc5 Ne5 25. Rd4 Ke7 26. Rc3) 24. R1c3
({I missed the strong possibility of} 24. e5 $1 Qxe5 25. Qd2 $1 f5 (25... Ne7
26. Rd4 Nd5 27. Bf3) 26. Nc5 Be8 27. Nd3 $18 {winning 2 pieces for the R}) ({
I had to avoid trap} 24. Nc5 Ne5 25. Rd4 $2 ({better is} 25. Nb7) 25... Ba4 $1
{winning the queen.}) 24... a5 $2 ({I was expecting} 24... Be8 25. Qc1 Qxc1+
26. Rxc1 Ne5 27. Rb4 Bb5 (27... Nd3 28. Bxd3 Rxd3 29. h6) 28. Bxb5 axb5 29.
Rxb5 $16 {when White has to show technique to win the game.}) 25. Qc1 $6 ({
Not so clear is} 25. Rf3 Qh6 26. Rd3 Ne5 27. Rg3+ Kh8 28. Rd4 a4 29. Nc5 Rc8
$16) ({I had felt that the right solution would be} 25. e5 $1 Qxe5 {but failed
to spot} 26. Qd2 $1 {when Black has no defence, for example:} ({I only
considered} 26. Rd3 Nb4 $1) 26... Ne7 27. Re3 Qb8 28. Rg3+) 25... Qxc1+ 26.
Rxc1 Ne5 $2 {This is the decisive mistake.} ({Black should give up a pawn and
keep drawing chances by} 26... Nb4 27. Nxa5 Ra8 28. Rxb4 Rxa5 29. Rc2 (29. h6
Rxa2 30. Bh5 Ra5 $1) 29... Kg7 $16) 27. Rd4 (27. R4c3 $5 a4 28. Nc5 Be8 29. Rd1
) 27... a4 {Other moves are not better:} (27... Bc6 28. Rxd8 Rxd8 29. f4 a4 30.
fxe5 axb3 31. Rxc6) (27... Nc6 28. Rxd7 Rxd7 29. Rxc6 a4 30. Nc5 (30. Nc1 $5)
30... Rd2 31. Bc4) 28. Nc5 (28. Na5 $5) 28... Bc6 (28... Bc8 29. Rxd8 ({or} 29.
Rcd1 Rxd4 30. Rxd4 $18) 29... Rxd8 30. Nxa4 {leaves Black a pawn down and no
chances of survival.}) 29. Rxd8 Rxd8 30. f4 Rd2 ({if} 30... Nd7 {then} 31. Nxe6
) 31. fxe5 Rxe2 32. exf6 {Suddenly Black is helpless against mating threats.}
h6 33. Rd1 Kh7 34. Rd8 Bxe4 {Losing a piece, but the position is hopeless.} (
34... Rxa2 35. Nxe6) 35. Kf1 1-0

[Event "FIDE World Cup KO (Women)"]
[Site "Shenyang"]
[Date "2000.09.07"]
[Round "1.1"]
[White "Cramling, Pia"]
[Black "Zhu, Chen"]
[Result "1-0"]
[WhiteElo "2484"]
[BlackElo "2539"]
[Annotator "Hecht,H"]
[PlyCount "109"]
[EventDate "2000.09.07"]
[EventType "k.o."]
[EventRounds "4"]
[EventCountry "CHN"]
[SourceTitle "CBM 079"]
[Source "ChessBase"]
[SourceDate "2000.11.21"]
[SourceVersion "1"]
[SourceVersionDate "2000.11.21"]
[SourceQuality "1"]

1. d4 d5 2. Nf3 Nf6 3. c4 e6 4. Nc3 dxc4 5. e4 Bb4 6. Bg5 c5 7. Bxc4 cxd4 8.
Nxd4 Qa5 9. Bd2 Qc5 10. Bb5+ Bd7 11. Nb3 Qe7 12. Bd3 Nc6 13. O-O O-O 14. a3 Bd6
15. f4 e5 16. f5 Nd4 17. Bg5 Bc6 18. Bc4 Nxb3 19. Qxb3 Rad8 20. Kh1 Bc5 21. Nd5
Bxd5 22. Bxd5 Rd6 23. Rac1 Bd4 24. Rc2 h6 25. Bxf6 Rxf6 26. Qg3 Rd6 27. b4 Rfd8
28. Qb3 R6d7 29. f6 gxf6 30. Qh3 Kh7 31. Qf5+ Kh8 32. Rf3 Rg8 33. Rh3 Rg6 34.
Rc8+ Kg7 35. Rg8+ Kxg8 36. Qxg6+ Kf8 37. Qxh6+ Ke8 38. Qh8+ Qf8 39. Qxf6 Rc7
40. Rf3 Qg7 41. h4 Qxf6 42. Rxf6 {[#] Die starke weiße Figurenstellung mit
Druck gegen f7 ermöglicht die leichte Verwertung des Mehrbauern.} Kf8 43. g4
Bb2 44. g5 Bxa3 45. b5 Kg7 46. Kg2 a5 47. bxa6 bxa6 48. Kh3 a5 49. h5 Bc1 50.
Kg4 a4 51. h6+ Kh8 52. Rxf7 Rxf7 53. Bxf7 a3 {[%cal Gf7a2]} (53... Ba3 54. g6
Bf8 55. Kh5 a3 56. Bb3 a2 57. g7+ Bxg7 58. hxg7+ Kxg7 59. Bxa2 $18) 54. Kh5 a2
55. g6 1-0

[Event "Tata Steel-A 76th"]
[Site "Wijk aan Zee"]
[Date "2014.01.19"]
[Round "7"]
[White "Gelfand, Boris"]
[Black "Aronian, Levon"]
[Result "1/2-1/2"]
[WhiteElo "2777"]
[BlackElo "2812"]
[Annotator "Krasenkow,M"]
[PlyCount "81"]
[EventDate "2014.01.11"]
[EventType "tourn"]
[EventRounds "11"]
[EventCountry "NED"]
[EventCategory "20"]
[SourceTitle "CBM 159"]
[Source "ChessBase"]
[SourceDate "2014.03.17"]
[SourceVersion "1"]
[SourceVersionDate "2014.03.17"]
[SourceQuality "1"]

1. d4 Nf6 2. c4 e6 3. Nf3 d5 4. Nc3 Bb4 5. Bg5 dxc4 6. e4 b5 7. a4 c5 {A rare
continuation, compared to the normal} (7... c6) {This is a bit illogical:
Black loses his b5-pawn but doesn't achieve any considerable benefits compared
to the positions arising when he plays 6...c5 at once. On the other hand, it
is very difficult for White to make use of his doubled extra pawn.} 8. axb5 (8.
e5 cxd4 9. exf6 gxf6 10. Bxf6 Qxf6 11. Qxd4 Nd7 12. axb5 Qxd4 13. Nxd4 Nb6 14.
Nc6 Bxc3+ 15. bxc3 a6 $11 {1/2 (25) Burnett,R (2371)-Bick,J (2201) Tulsa 2008})
8... cxd4 9. Bxf6 (9. Nxd4 {is quite possible, and Black has yet to find a
convincing way to equality. Here are some practical examples:} Bb7 (9... Qb6
10. Bxf6 gxf6 11. Bxc4 O-O {0-1 (56) Stempin,P (2390)-Panczyk,K (2410) Poznan
1985} 12. O-O Kh8 13. Na4 $16) (9... e5 10. Nc2 Bxc3+ 11. bxc3 Nbd7 12. Bxf6
Qxf6 13. Bxc4 Bb7 14. Bd5 Bxd5 15. Qxd5 Nb6 16. Qb3 $16 {1-0 (63) Chernikov,O 
(2460)-Shereshevski,M Belarus 1983}) 10. f3 (10. Nc2 $14) 10... O-O 11. Bxc4
Qc7 12. Qb3 Bd6 13. b6 Qxb6 14. Qxb6 axb6 15. Rxa8 Bxa8 16. Ke2 $14 {1-0 (44)
Staniszewski,P (2405)-Panczyk,K (2375) Bytom 1986}) 9... gxf6 (9... Qxf6 10.
Qxd4 Bb7 11. Qxf6 gxf6 12. Nd2 a6 13. Bxc4 axb5 14. Bxb5+ Ke7 15. Rxa8 Bxa8 16.
Ke2 Nc6 17. Bxc6 Bxc6 18. Ra1 $14 {1-0 (41) Rashkovsky,N (2520)-Arencibia,J 
(2405) Eger 1989}) 10. Qxd4 Nd7 {Hardly an improvement on the following old
game:} (10... Qxd4 11. Nxd4 Bb7 12. f3 Nd7 13. Nc2 Bc5 14. Bxc4 Rg8 15. g3 Ke7
{1/2 (15) Glek,I (2400)-Sveshnikov,E (2505) Moscow 1983}) 11. Qxc4 Bc5 12. Be2
Bb7 13. O-O Rc8 14. Qd3 Bb6 {[%mdl 32]} (14... Ne5 $5 {, forcing the exchange
of queens, was probably a better option.}) 15. Na4 {And for White it was
better to keep queens on the board since Black's king is less safe:} (15. Rad1
Nc5 $140 16. Qb1 Qc7 17. b4 Nd7 18. Na4 $14) 15... Nc5 $1 16. Qxd8+ Rxd8 17.
Nxc5 (17. Nxb6 axb6 18. e5 Bxf3 19. Bxf3 fxe5 $11) 17... Bxc5 18. Rfc1 Bb6 {
Black's bishop pair fully compensates his material deficit. Pay attention to
White's passive e2-bishop: he would probably prefer to have a knight instead.}
19. Rc4 Ke7 20. Kf1 Rd6 21. e5 Rd5 22. exf6+ Kxf6 23. Rf4+ Ke7 24. Bc4 Rh5 25.
h3 Rc8 26. b3 Bc7 {Provoking an exchange sacrifice.} (26... Rd8 $44 {was quite
possible.}) 27. Rxa7 Bxf4 28. Rxb7+ Rc7 29. Rb6 {White's position is solid
enough to hold on but playing for a win is out of question.} Rd7 30. Ke2 Bd6
31. Ra6 Bb4 32. h4 Rc5 33. Ra8 Bc3 34. g3 h6 35. Bd3 Rcc7 36. Ra6 Rd6 37. Ra8
Bd4 $6 {Black's bishop was a precious piece holding White's b5-pawn; it was
not a good idea to trade it.} (37... Rd8 $142) 38. Nxd4 Rxd4 39. Bc4 Rd8 40.
Rxd8 {And for White it was better to decline the exchange offer, thus keeping
some chances to make use of his b-pawns:} (40. Ra2 $142) 40... Kxd8 41. g4 {
The endgame is objectively equal.} 1/2-1/2